Statistiques concernant Les parcours de carrière en club des joueurs de foot #2

Cliquez ici pour prendre le quiz!

Statistiques générales

  • Ce quiz a été pris 685 fois
  • Le résultat moyen est 7 sur 12

Statistiques - réponses

ClubsJoueur% Correct
FC Groningen, PSV, Chelsea, Real Madrid,
Bayern Munich, FC Groningen
retraitéArjen Robben
86%
Lyon, Marseille, Newcastle, Hull City, Nice, Paris SG, Rennes,
Real Valladolid, Bordeaux, Lille
en activitéHatem Ben Arfa
78%
Metz, Lyon, AS Rome, Juventus, FC Barcelone,
Besiktas
en activitéMiralem Pjanic
72%
Le Mans, Guingamp, Marseille, Chelsea, Shanghai Shenhua,
Galatasaray, Chelsea, Impact de Montréal, Rising Phoenix
retraitéDidier Drogba
69%
Envigado FC, CA Banfield, FC Porto, Monaco, Real Madrid,
Bayern Munich, Everton, Al-Rayyan
en activitéJames Rodriguez
65%
Lille, Newcastle, Paris SG, Crystal Palace, Al Nasr,
Saint-Etienne
retraitéYohan Cabaye
61%
Real Sociedad, Eibar, Liverpool, Real Madrid, Bayern MunichretraitéXabi Alonso
55%
Sporting CP, Manchester United, Sporting CP, Fenerbahce, Valence,
Lazio Rome, Sporting CP, Orlando City, Venise
en activitéNani
51%
AS Cannes, Arsenal, Manchester City, Istanbul Basaksehir,
Servette FC
en activitéGaël Clichy
49%
Midtjylland, Palerme, Wolfsburg, AS Rome, Lille, Fenerbahce, Séville,
Atalanta, AC Milan
en activitéSimon Kjaer
45%
Newell's Old Boys, Real Valladolid, Sporting CP, Paris SG,
Manchester United, Real Madrid, Marseille, AS Rome, Newell's Old Boys
retraitéGabriel Heinze
38%
FC Barcelone, Villareal, Liverpool, Naples, AC Milan,
Aston Villa, Lazio Rome, Villareal
en activitéPepe Reina
33%

Distribution des résultats

Percentile par nombre de réponses

% des personnes avec chaque résultat

Votre développement - résultats

Vous n’avez pas pris ce quiz